000 00728nam a2200205 i 4500
001 183063
003 ES-MaACL
005 20240418141838.0
008 140114s2008 sp |||| | spa d
080 _a821.134.2-14"19"
100 1 _aGonzález Jareño, Gloria.
_9154175
245 1 0 _aDéjame ser tu voz /
_cGloria González Jareño ; prólogo Isabel Rey Reguillo.
260 _a[Alcázar de San Juan] :
_bAteneo de Alcázar de San Juan,
_cD.L. 2008.
300 _a107 p. ;
_c21 cm.
700 1 _aRey Reguillo, Isabel del,
_d1953-
_9154176
710 2 _aAteneo de Alcázar de San Juan.
_9154177
852 _aES-MaACL
_jA-13026
_9189997
_bR.149865
_cDEPO1
_dOlim: N-6026
942 _2udc
_cMONOGRAFIA
999 _c183063
_d183063